=LDR 00000nam 2200000 4500 =001 INLIS000000000035857 =005 20200716030241 =035 ##$$a 0010-061300000035857 =008 200716################g##########0#ind## =041 ##$$a Ind =082 ##$$a 2x6.4 =090 ##$$a 2x6.4, zhi =100 1#$$a Zihhar,Najah Ahmad =245 1#$$a Wanita Egois dan Wanita Idaman /$c Dr. Najah Ahmad Ash-Zhihhar; Penerjemah, Anshori Taslim,Rahmat, Nurul Azmi =260 ##$$a Jakarta :$b Pustaka Qalam,$c 1994 =300 ##$$a 174 hlm, 22 cm ; $c 12 x 21 cm =850 ##$$a NBPNMAT =084 ##$$a 2x6.4 ZIH w =250 ##$$a cet.1 =650 #4$$a Wanita Islam =990 ##$$a 00056737